| 000 | 01116nam0a22002651 4500 | ||
|---|---|---|---|
| 001 | rc\4545341 | ||
| 005 | 20260408045252.0 | ||
| 021 |
_aRU _b67-35938 |
||
| 021 |
_aRU _bРг5945-67 |
||
| 035 | _a(NLR Aleph) 008362198 | ||
| 090 |
_a9005333 _c9005333 |
||
| 100 | _a20130416d1967 |||y0rusy50 ca | ||
| 101 | 0 | _arus | |
| 102 | _aRU | ||
| 105 | _aa z ||||| | ||
| 200 | 1 |
_aКиоск КД-2 "Вешки" _eПаспорт и инструкция по сборке, монтажу и эксплуатации _fРСФСР. М-во торговли. Вешкинский опытно-произв. комбинат торг. оборудования. Конструкторский отд. |
|
| 210 |
_a[Москва _cБ. и. _d1967] |
||
| 215 |
_a12 с. _cил. _d20 |
||
| 300 | _aОтпеч. множит. аппаратом | ||
| 712 | 0 | 2 |
_aВешкинский опытно-производственный комбинат торгового оборудования _3RU\NLR\AUTH\8810193936 _9277484 |
| 801 | 0 |
_aRU _bNLR _gpsbo |
|
| 801 | 1 |
_aRU _bELAR _2rusmarc |
|
| 852 |
_aNLR _j67-4/12400 |
||
| 942 | _cBOOK | ||
| 980 | _aNB | ||